1946 directory of American sanitaria ... (Record no. 38268)
[ view plain ]
| 000 -LEADER | |
|---|---|
| fixed length control field | 00754cam a22002411 4500 |
| 001 - CONTROL NUMBER | |
| control field | med47001166 |
| 003 - CONTROL NUMBER IDENTIFIER | |
| control field | DLC |
| 005 - DATE AND TIME OF LATEST TRANSACTION | |
| control field | 20260227111601.0 |
| 008 - FIXED-LENGTH DATA ELEMENTS--GENERAL INFORMATION | |
| fixed length control field | 840820s1946 dcu r 000 0 eng c |
| 010 ## - LIBRARY OF CONGRESS CONTROL NUMBER | |
| LC control number | med47001166 |
| 035 ## - SYSTEM CONTROL NUMBER | |
| System control number | (OCoLC)11073135 |
| 040 ## - CATALOGING SOURCE | |
| Original cataloging agency | U.S. Army Medical Library |
| Transcribing agency | WU-M |
| Modifying agency | WU-M |
| -- | OCoLC |
| -- | DLC |
| 042 ## - AUTHENTICATION CODE | |
| Authentication code | premarc |
| 050 00 - LIBRARY OF CONGRESS CALL NUMBER | |
| Classification number | RA977 |
| Item number | .B4 |
| 082 ## - DEWEY DECIMAL CLASSIFICATION NUMBER | |
| Classification number | 362.13 |
| 100 1# - MAIN ENTRY--PERSONAL NAME | |
| Personal name | Bealle, Morris A. |
| Fuller form of name | (Morris Allison), |
| Dates associated with a name | 1891-1972, |
| Relator term | ed. |
| 245 10 - TITLE STATEMENT | |
| Title | 1946 directory of American sanitaria ... |
| 260 ## - PUBLICATION, DISTRIBUTION, ETC. | |
| Place of publication, distribution, etc. | Washington, |
| Name of publisher, distributor, etc. | Columbia Pub. Co., |
| Date of publication, distribution, etc. | c1946. |
| 300 ## - PHYSICAL DESCRIPTION | |
| Extent | 150, [2] p. |
| Dimensions | 23 cm. |
| 650 #0 - SUBJECT ADDED ENTRY--TOPICAL TERM | |
| Topical term or geographic name entry element | Sanatoriums |
| Geographic subdivision | United States |
| Form subdivision | Directories. |
| 650 #0 - SUBJECT ADDED ENTRY--TOPICAL TERM | |
| Topical term or geographic name entry element | Sanatoriums |
| Geographic subdivision | Canada |
| Form subdivision | Directories. |
| 740 0# - ADDED ENTRY--UNCONTROLLED RELATED/ANALYTICAL TITLE | |
| Uncontrolled related/analytical title | Directory of American sanitaria. |
No items available.